<?xml version="1.0" encoding="UTF-8"?>
<record
    xmlns:xsi="http://www.w3.org/2001/XMLSchema-instance"
    xsi:schemaLocation="http://www.loc.gov/MARC21/slim http://www.loc.gov/standards/marcxml/schema/MARC21slim.xsd"
    xmlns="http://www.loc.gov/MARC21/slim">

  <leader>00581nam a22002057a 4500</leader>
  <controlfield tag="003">OSt</controlfield>
  <controlfield tag="005">20140310183016.0</controlfield>
  <controlfield tag="008">130212t        xxu||||| |||| 00| 0 eng d</controlfield>
  <datafield tag="020" ind1=" " ind2=" ">
    <subfield code="a">9789715845359</subfield>
  </datafield>
  <datafield tag="050" ind1=" " ind2=" ">
    <subfield code="a">LB 1765.P6</subfield>
    <subfield code="b">.R47 2007   </subfield>
  </datafield>
  <datafield tag="100" ind1=" " ind2=" ">
    <subfield code="a">Resuma, Vilma M. </subfield>
  </datafield>
  <datafield tag="245" ind1=" " ind2=" ">
    <subfield code="a">Pagsusulit sa pagkuha ng lisensiya para sa mga guro :</subfield>
    <subfield code="c">Vilma M. Resuma.</subfield>
    <subfield code="b">(LET) reviewer sa Filipino /</subfield>
  </datafield>
  <datafield tag="260" ind1=" " ind2=" ">
    <subfield code="a">Quezon City : </subfield>
    <subfield code="b">C &amp; E Pub., </subfield>
    <subfield code="c">2007.</subfield>
  </datafield>
  <datafield tag="300" ind1=" " ind2=" ">
    <subfield code="a">72 p. : </subfield>
    <subfield code="b">ill. ; </subfield>
    <subfield code="c">26 cm.</subfield>
  </datafield>
  <datafield tag="521" ind1=" " ind2=" ">
    <subfield code="a">EDU</subfield>
  </datafield>
  <datafield tag="562" ind1=" " ind2=" ">
    <subfield code="e">2</subfield>
  </datafield>
  <datafield tag="942" ind1=" " ind2=" ">
    <subfield code="2">lcc</subfield>
    <subfield code="c">BK</subfield>
    <subfield code="k">LOC</subfield>
  </datafield>
  <datafield tag="999" ind1=" " ind2=" ">
    <subfield code="c">18302</subfield>
    <subfield code="d">18302</subfield>
  </datafield>
  <datafield tag="952" ind1=" " ind2=" ">
    <subfield code="0">0</subfield>
    <subfield code="1">0</subfield>
    <subfield code="2">lcc</subfield>
    <subfield code="4">0</subfield>
    <subfield code="a">CL</subfield>
    <subfield code="b">CL</subfield>
    <subfield code="c">FIL</subfield>
    <subfield code="d">2013-11-26</subfield>
    <subfield code="e">Library Fund</subfield>
    <subfield code="l">0</subfield>
    <subfield code="o">LB 1765.P6 .R47 2007</subfield>
    <subfield code="p">C8402</subfield>
    <subfield code="r">2018-10-08 00:00:00</subfield>
    <subfield code="t">1</subfield>
    <subfield code="w">2013-11-26</subfield>
    <subfield code="y">BK</subfield>
  </datafield>
  <datafield tag="952" ind1=" " ind2=" ">
    <subfield code="0">0</subfield>
    <subfield code="1">0</subfield>
    <subfield code="2">lcc</subfield>
    <subfield code="4">0</subfield>
    <subfield code="a">CL</subfield>
    <subfield code="b">CL</subfield>
    <subfield code="c">FIL</subfield>
    <subfield code="d">2013-11-26</subfield>
    <subfield code="e">Library Fund</subfield>
    <subfield code="l">0</subfield>
    <subfield code="o">LB 1765.P6 .R47 2007</subfield>
    <subfield code="p">C8403</subfield>
    <subfield code="r">2018-05-08 00:00:00</subfield>
    <subfield code="t">2</subfield>
    <subfield code="w">2013-11-26</subfield>
    <subfield code="y">BK</subfield>
  </datafield>
</record>
